Sadiyon Ka Sehar (Record no. 327577)

000 -LEADER
fixed length control field 00271 a2200121 4500
001 - CONTROL NUMBER
control field 92504
003 - CONTROL NUMBER IDENTIFIER
control field NUST
005 - DATE AND TIME OF LATEST TRANSACTION
control field 20180120144151.0
008 - FIXED-LENGTH DATA ELEMENTS--GENERAL INFORMATION
fixed length control field 180120b xxu||||| |||| 00| 0 eng d
082 ## - DEWEY DECIMAL CLASSIFICATION NUMBER
Classification number 391.4393/RAH
100 ## - MAIN ENTRY--PERSONAL NAME
Personal name M. A .Rahat
9 (RLIN) 9243
245 ## - TITLE STATEMENT
Title Sadiyon Ka Sehar
260 ## - PUBLICATION, DISTRIBUTION, ETC.
Place of publication, distribution, etc. Lahore
Name of publisher, distributor, etc. Al Quraish
Date of publication, distribution, etc. 2011
300 ## - PHYSICAL DESCRIPTION
Extent 448p.
942 ## - ADDED ENTRY ELEMENTS (KOHA)
Institution code [OBSOLETE] CAE NUST
Koha item type Book
Call number prefix 391.4393/RAH
Source of classification or shelving scheme
Holdings
Withdrawn status Lost status Damaged status Not for loan Collection code Permanent Location Current Location Date acquired Total Checkouts Full call number Barcode Date last seen Price effective from Koha item type
          College of Aeronautical Engineering (CAE) College of Aeronautical Engineering (CAE) 04/03/2017   391.4393/RAH CAE88785 04/05/2017 04/05/2017 Book
© 2023 Central Library, National University of Sciences and Technology. All Rights Reserved.